| 000 | 00516nam a2200217Ia 4500 | ||
|---|---|---|---|
| 003 | OSt | ||
| 005 | 20140315085947.0 | ||
| 008 | 140130s9999 xx 000 0 und d | ||
| 020 | _a0439519160 | ||
| 050 |
_aPR 9639.3 _b.C644 2002 |
||
| 100 | _aCowley, Joy | ||
| 245 |
_aApple Banana Cherry / _cJoy Cowley. |
||
| 260 |
_bScholastic, _c2002. _aNew York : |
||
| 300 |
_a32 p. : _bcol. ill. ; _c26 cm. |
||
| 440 | _v1 | ||
| 521 | _aG1 | ||
| 526 | _c280 | ||
| 942 |
_cBK _2lcc |
||
| 999 |
_c40081 _d40081 |
||